| 000 | 01838nam a2200253Ia 4500 | ||
|---|---|---|---|
| 008 | 260220t1993||||xx |||||||||||||| ||spa|| | ||
| 040 |
_aPY-SlUNAC _bspa _erda |
||
| 041 | _aspa | ||
| 082 |
_a574.5 _bM366t |
||
| 100 |
_aMargalef, Ramon _eAutor |
||
| 245 | 0 |
_aTeoría de los sistemas ecológicos / _cpor Ramon Margalef [Autor] |
|
| 250 | _aSegunda edición | ||
| 264 |
_aBarcelona : _bUniversidad de Barcelona, _c℗1993. |
||
| 300 | _a1 volumen | ||
| 520 | _aLa "Teoría de los sistemas ecológicos" de Ramón Margalef presenta un enfoque integral sobre la ecología, analizando la complejidad de los sistemas biológicos y su interrelación con el medio ambiente. Margalef propone que los ecosistemas deben ser entendidos como sistemas dinámicos y abiertos, donde la diversidad y la estructura son fundamentales para su funcionamiento. A través de conceptos como la estabilidad, la resiliencia y la sucesión ecológica, el autor examina cómo las interacciones entre organismos y su entorno determinan la salud y la sostenibilidad de los ecosistemas. Además, enfatiza la importancia del conocimiento interdisciplinario y la aplicación de modelos matemáticos para comprender las relaciones ecológicas. La obra no solo es un hito en la ecología teórica, sino que también ofrece un marco para la gestión ambiental y la conservación, subrayando la necesidad de un enfoque holístico en la investigación ecológica. En conjunto, Margalef establece las bases para un análisis crítico y reflexivo sobre la interacción entre los seres vivos y su entorno. | ||
| 653 | _aEcología | ||
| 653 | _aSistemas ecológicos | ||
| 653 | _aTeoría de sistemas | ||
| 942 |
_b2026/02/17 _cBK |
||
| 999 |
_c8146 _d8146 |
||